Changing Property Structures in Central European Agriculture in the Process of Decollectivisation: The Social Aspects of Appropriation

Titel: Changing Property Structures in Central European Agriculture in the Process of Decollectivisation: The Social Aspects of Appropriation / Maria Halamska
Verfasser:
In: Contexts of property in Europe, (2010p229-246)
alle Artikel anzeigen
Veröffentlicht: 2010
Format: Aufsatz
Sprache: Englisch
Schlagworte:
Kein Bild verfügbar
X
alg: 50618873
001A    $03025:21-03-23 
001B    $01999:21-03-23 $t22:37:30.000 
001D    $03025:21-03-23 
001U    $0utf8 
001X    $00 
002@    $0Aou 
002C    $aText $btxt $2rdacontent 
002D    $aohne Hilfsmittel zu benutzen $bn $2rdamedia 
002E    $aBand $bnc $2rdacarrier 
003@    $0506188736 
007A    $0506188736 $aHEB 
010@    $aeng 
010E    $erda 
011@    $a2010 
021A    $aChanging Property Structures in Central European Agriculture in the Process of Decollectivisation: The Social Aspects of Appropriation $hMaria Halamska 
028A    $BVerfasser $#Halamska, M. $4aut $7171466349 $8Halamska, Maria$Z1978- [Tp3] $9295591250 
031A    $j2010p229-246 
039B    $aEnthalten in $8--Aau--. Contexts of property in Europe. - Turnhout : Brepols, 2010. - 285 S.. - graph. Darst., Kt.. - ISBN 978-2-503-53227-1 $x201000000000000999 $9272988790 
044K    $RMitteleuropa $RVisegrád-Staaten $ROsteuropa $#Ostmitteleuropa $#Ostmitteleuropa $#Mitteleuropa, Ost $#Central Europe Ostmitteleuropa $#Mittelosteuropa $74075753-5 $8Ostmitteleuropa [Tg1] $9085214485 
044K    $#Property $#Right of property $#Propriété $#Propiedad $#ownership $#Eigentum $#Eigentum $#Eigentumsrecht $74013793-4 $8Eigentum [Ts1] $9085030554 
044K    $REntstaatlichung $RDeregulierung $RContracting-out $#Privatization $#Privatisations $#Privatisierung $#Privatisierung $74047297-8 $8Privatisierung [Ts1] $908513192X 
044K    $#Umsetzung $74451062-7 $8Transformation [Ts1] $908884580X 
045F    $a630.943709049 $eDDC23BSB 
045F/01 $a630.9 
045F/03 $f09049 
045F/03 $g437 
045G    $a909 $eDDC23BSB 
045G/01 $a909 
045G/03 $f09049 
045G/03 $g437 
045R    $aGeschichte 1990-1997 

lok: 50618873 78

exp: 50618873 78 1 #EPN
201B/01 $021-03-23 $t13:57:01.000 
201C/01 $021-03-23 
201U/01 $0utf8 
203@/01 $01229775064 
208@/01 $a21-03-23 $be 
209A/01 $a/ $f000 $x00 
209A/01 $ab*p $x01 
209A/01 $aBetr. die Tschechische und die Slowakische Republik, Ungarn, Polen sowie Rumänien $x03 
220C/01 $apgar 
244Z/01 $#Ostmitteleuropa $#Ostmitteleuropa $#Mitteleuropa, Ost $#Central Europe Ostmitteleuropa $#Mittelosteuropa $74075753-5 $8--Tg1--Ostmitteleuropa $x05 $9085214485 
247C/01 $82080>Marburg/Lahn, Herder-Institut, Forschungsbibliothek, Bibliographieportal $9336309341
LEADER 00000caa a2200000 c 4500
001 506188736
003 DE-603
005 20230321223730.0
007 tu
008 230321s2010 xx |||| | u00||u|eng c
035 |a (DE-599)HEB506188736 
040 |a DE-603  |b ger  |c DE-603  |d DE-603  |e rda 
041 |a eng 
082 0 4 |8 1\u  |a 630.943709049  |q DE-101  |2 23/BSB 
083 0 |8 2\u  |a 909  |q DE-101  |2 23/BSB 
085 |8 1\u  |b 630.9 
085 |8 1\u  |z 1  |s 09049 
085 |8 1\u  |z 2  |s 437 
085 |8 2\u  |b 909 
085 |8 2\u  |z 1  |s 09049 
085 |8 2\u  |z 2  |s 437 
100 1 |a Halamska, Maria  |d 1978-  |e Verfasser  |4 aut  |0 (DE-603)295591250  |0 (DE-588)171466349  |2 gnd 
245 0 0 |a Changing Property Structures in Central European Agriculture in the Process of Decollectivisation: The Social Aspects of Appropriation  |c Maria Halamska 
264 0 |c 2010 
336 |a Text  |b txt  |2 rdacontent 
337 |a ohne Hilfsmittel zu benutzen  |b n  |2 rdamedia 
338 |a Band  |b nc  |2 rdacarrier 
648 7 |a Geschichte 1990-1997  |2 gnd 
650 7 |a Eigentum  |0 (DE-588)4013793-4  |0 (DE-603)085030554  |2 gnd 
650 7 |a Privatisierung  |0 (DE-588)4047297-8  |0 (DE-603)08513192X  |2 gnd 
650 7 |a Transformation  |0 (DE-588)4451062-7  |0 (DE-603)08884580X  |2 gnd 
651 7 |a Ostmitteleuropa  |0 (DE-588)4075753-5  |0 (DE-603)085214485  |2 gnd 
773 0 8 |i Enthalten in  |t Contexts of property in Europe  |d Turnhout : Brepols, 2010  |h 285 S., graph. Darst., Kt.  |z 9782503532271  |g (2010p229-246)  |w (DE-603)272988790 
924 0 |9 2080  |a (DE-603)1229775064  |b DE-2080  |c HES  |d d  |g /